|
|
|
|
| LEADER |
00000njm a2200000 4500 |
| 001 |
vtls012064739 |
| 003 |
SK-MaSNL |
| 005 |
20260331212206.0 |
| 007 |
sd uuuuuuuuuuu |
| 008 |
210806s2020 xo uunu u slo |
| 028 |
2 |
2 |
|a 0186-2-131
|b PA
|
| 028 |
2 |
2 |
|a SK-B26
|b ISRC
|
| 040 |
|
|
|a SNK
|b slo
|c SNK
|e rda
|
| 041 |
0 |
|
|a eng
|
| 044 |
|
|
|a xo
|c SK
|
| 100 |
1 |
|
|a Feinberg, Samuil
|4 cmp
|9 767127
|
| 245 |
1 |
0 |
|a Sonatas for violin and piano
|c Samuil Feinberg
|
| 264 |
|
1 |
|a [Tvrdošín]
|b Pavlík Records
|c 2020
|
| 300 |
|
|
|a 1 audiodisk
|
| 336 |
|
|
|a hraná hudba
|b prm
|2 rdacontent
|
| 337 |
|
|
|a audio
|b s
|2 rdamedia
|
| 338 |
|
|
|a audiodisk
|b sd
|2 rdacarrier
|
| 500 |
|
|
|a Miesto vydania z externých zdrojov
|
| 999 |
|
|
|c 1214513
|d 1216443
|
| 952 |
|
|
|a SNK
|b SNK
|y NEVYP
|7 1
|p 17A1455313
|o snkSCD 5501
|i snk2021/9924
|8 0
|0 0
|1 0
|4 0
|d 2021-08-06
|l 0
|r 2026-02-24 23:24:25
|w 2026-02-24
|